=LDR 00000nam 2200000 4500 =001 INLIS000000000020242 =005 20130612115219 =008 ***********************************Ind** =035 ##$$0010-061300000020242 =041 ##$$a Ind =082 ##$$a 573.2 =090 ##$$a 573.2, Lon p =100 ##$$a Long, Lynette =245 ##$$a Perkalian ajaib, Lynette Long ; alih bahasa, Puspita Wikasari =260 ##$$a 2005 $b Bandung =300 ##$$a viii, 118 hlm, ilus, 25 cm =650 ##$$a Perkalian =700 ##$$a Wikasari, Puspita =850 ##$$a NBPNMAT